| 000 | 00507nam a2200097Ia 4500 | ||
|---|---|---|---|
| 008 | 170517s9999 xx 000 0 und d | ||
| 245 | _aAIDS Inc. | ||
| 300 | _aAIDS, Inc. is a film about the multi-billion dollar AIDS industry, and how it profits from continuing fears and misconceptions about the disease. While AIDS grabs the headlines and raises billions of dollars with celebrity endorsements and billionaire endowments, we... | ||
| 650 | _xTechnology. | ||
| 856 | _uhttp://topdocumentaryfilms.com/aids-inc/ | ||
| 999 |
_c335007 _d335007 |
||